Presidencialismo y democracia en América latina

محفوظ في:
التفاصيل البيبلوغرافية
المؤلفون الرئيسيون: Mainwaring, Scott (autor), Shugart, Matthew Soberg (مؤلف)
التنسيق: كتاب
اللغة:الإسبانية
منشور في: Buenos Aires Paidós 2002
الطبعة:1a. ed
سلاسل:Latinoamericana, 8
الموضوعات:
الوسوم: إضافة وسم
لا توجد وسوم, كن أول من يضع وسما على هذه التسجيلة!

MARC

LEADER 00000nam a2200000 a 4500
001 UCL8641
003 CL-VaPUC
008 040702e20020000AG |||||||||||||||||spa|d
020 |a 9501289087 
082 0 4 |a 320.48  |b MAI  |2 21 
100 |a Mainwaring, Scott  |e autor  |9 551313 
700 0 |a Shugart, Matthew Soberg  |e author  |9 486581 
245 1 0 |a Presidencialismo y democracia en América latina 
250 |a 1a. ed 
300 |a 316 p 
942 |c BK 
945 |d 20040702 00:00:00  |a cmena 
260 |a Buenos Aires  |b Paidós  |c 2002 
650 7 |a PRESIDENCIALISMO  |2 CL-VaPUC  |9 316629 
650 0 |a Sistemas de gobiernos   |9 330159 
650 0 |a Partidos políticos  |9 254999 
650 0 |a Historia política  |9 256974 
651 0 |a América Latina   |9 255027 
583 |a last modification  |c 20040702 00:00:00  |k Rodrigo Vera 
490 0 |a Latinoamericana, 8 
999 |c 309841  |d 309839 
952 |0 0  |1 0  |4 0  |6 320_480000000000000_MAI_2002  |7 0  |8 A  |9 377612  |a BIBHIS  |b BIBHIS  |d 2019-11-21  |i 402849K  |o 320.48 MAI 2002  |p 402849K  |r 2025-01-20  |w 2019-11-21  |y BK  |k HIS